[Event "HUN-ch 53rd"]
[Site "Heviz"]
[Date "2003.05.14"]
[Round "3"]
[White "Almasi, Zoltan"]
[Black "Horvath, Adam"]
[Result "1-0"]
[WhiteElo "2676"]
[BlackElo "2503"]
[Annotator "Postny,E"]
[PlyCount "113"]
[EventDate "2003.05.12"]
[EventType "tourn"]
[EventRounds "9"]
[EventCountry "HUN"]
[EventCategory "13"]
[SourceTitle "CBM 096"]
[Source "ChessBase"]
[SourceDate "2003.09.25"]
[SourceVersion "1"]
[SourceVersionDate "2003.09.25"]
[SourceQuality "1"]

1. e4 c5 2. Nf3 Nc6 3. d4 cxd4 4. Nxd4 e5 5. Nb5 d6 6. c4 Nf6 {This
continuation is a rare one and less flexible, than the main line.} ({The main
line goes with} 6... Be7 {where black keeps an option for f7-f5 and Be7-g5.})
7. Bd3 ({Also possible is} 7. N1c3 a6 8. Na3 Be7 9. Be2 O-O 10. Be3 Be6 11. O-O
Rc8 12. Qd2 Na5 13. Nd5 Bxd5 14. exd5 b6 15. Rac1 $14 {Dolmatov,S-Minasian,A/
URS-chT 1988}) 7... Be6 8. N1c3 a6 9. Na3 Nd4 $6 $146 {Dubious novelty. The
black Nd4 will be quickly exchange by Na3-c2 and thus black will lose time.} (
9... Be7 10. O-O O-O 11. Nd5 Nd7 12. Nxe7+ Qxe7 13. Be3 Nc5 14. f3 f5 15. exf5
Nxd3 16. Qxd3 Bxf5 $11 {1/2-1/2 Enders,P-Kalinitschew,S/Schwerin 1997/EXT 2001
(55)}) 10. O-O $14 g6 ({A bit better to my taste is} 10... Be7) 11. Nc2 Nxc2
12. Qxc2 Bg7 13. b3 {[%csl Rd6][%cal Gc1a3]} O-O 14. Ba3 Rc8 15. Rfd1 Qc7 16.
Qd2 Rfd8 17. Bb4 {Preventing black's possible Qc7-a5 move.} (17. Nd5 Nxd5 18.
cxd5 Bd7 19. Qb4 b5 $1 20. Qxd6 Qxd6 21. Bxd6 Bg4 22. Be7 Rd7 23. f3 Bxf3 24.
gxf3 Rxe7 $14) 17... Nd7 18. Be2 Nc5 19. Rac1 h5 (19... f5 $6 {would be in
white's favour.}) 20. Qe1 Bh6 21. Rc2 {White has stable advantage. On the
other hand it is hard to achieve progress in this position.} Qb8 22. Ba3 Qc7
23. Bc1 Bxc1 24. Rcxc1 Nd7 {It's very hard to point out any reasonable plan
for black, so he tries to transfer his knight to d4.} 25. Bf1 Nb8 {[%cal Yb8c6,
Yc6d4]} 26. Rd3 {Preparing to triple all heavy pieces on the "d" file and put
a strong pressure on black's weakness d6.} Qe7 27. Qd2 Nc6 28. Rd1 Nd4 29. Ne2
Nxe2+ 30. Bxe2 b5 31. cxb5 (31. Rxd6 $2 Rxd6 32. Qxd6 Qxd6 33. Rxd6 bxc4 $11)
31... axb5 32. Bf1 $6 {This move is too slow.} (32. Rxd6 $2 Rxd6 33. Qxd6 Qxd6
34. Rxd6 Rc2 $11 {[%csl Gc2]}) ({More tempting was} 32. Qb4 $1 Rc2 33. R3d2 {
and white is winning a pawn.}) 32... Bg4 33. Rc1 Rxc1 34. Qxc1 b4 (34... f5 35.
exf5 Bxf5 36. Rd1 {black has weaknesses all around, but probably it was better
practical chance.}) 35. Qd2 Qb7 36. Rd5 {Black can not save one of his pawns.}
Be6 $1 (36... Qb6 $2 37. Rb5 $18 {[%csl Rb4]}) 37. Rxe5 dxe5 38. Qxd8+ Kg7 39.
Qd3 Qc6 {White is a pawn up, however it's very hard to convert it into a full
point, since white can not organize a passed pawn.} 40. h4 Qc5 41. Qd2 Kf8 42.
g3 Ke7 43. Kg2 Kf8 {Black should hold on to the waiting strategy...} 44. Ba6 $1
Ke7 45. Qg5+ Kf8 46. Qd8+ Kg7 47. Qd3 {[%cal Ya6c4]} Kf6 (47... Qc1 48. Bc4 $1)
48. Bc4 Ke7 49. Kf1 Bh3+ 50. Ke1 Be6 $6 ({Logical is} 50... f6 {with
reasonable drawing chances.}) 51. Bxe6 Kxe6 $2 (51... fxe6 {would have been
far more stubborn.}) 52. Qc4+ {Simplifying to a won pawns endgame.} Qxc4 (52...
Kd6 53. Ke2 $1 $18) 53. bxc4 Kd6 54. Kd2 f5 55. Kd3 Kc5 56. f3 Kd6 (56... fxe4+
57. Kxe4 Kxc4 58. Kxe5 Kc3 59. Kd5 Kb2 60. Kc4 $18) 57. f4 $1 1-0

[Event "EU-ch 4th"]
[Site "Istanbul"]
[Date "2003.06.13"]
[Round "13"]
[White "Grischuk, Alexander"]
[Black "Fedorov, Alexei"]
[Result "1/2-1/2"]
[WhiteElo "2701"]
[BlackElo "2604"]
[Annotator "Postny,E"]
[PlyCount "70"]
[EventDate "2003.05.30"]
[EventType "swiss"]
[EventRounds "13"]
[EventCountry "TUR"]
[SourceTitle "CBM 096"]
[Source "ChessBase"]
[SourceDate "2003.09.25"]
[SourceVersion "1"]
[SourceVersionDate "2003.09.25"]
[SourceQuality "1"]

1. e4 c5 2. Nf3 Nc6 3. d4 cxd4 4. Nxd4 e5 5. Nb5 d6 6. N1c3 a6 7. Na3 b5 8. Nd5
Nf6 9. c4 {This is a rare opening line, which gained some popularity recently.}
(9. Bg5 {leads to the main B33.}) 9... b4 (9... Nxe4 10. Bd3 Nc5 11. cxb5 Nd4
12. b6 Nxd3+ 13. Qxd3 Bb7 14. Nc7+ Ke7 15. O-O Rc8 16. Nc4 Ne6 17. Na5 $18 {
1-0 Mihevc,N-Shumiakina,T/Nova Gorica 1999/CBM 71 ext (27)}) ({Another
critical line is:} 9... Nd4 10. cxb5 (10. Be3 Qa5+ 11. Bd2 Qd8 12. Bd3 Nxd5 13.
cxd5 Be7 14. O-O O-O 15. Be3 f5 16. Bxd4 exd4 17. exf5 Qb6 18. Re1 Bf6 19. Nc2
$14 {1-0 Kotronias,V-Beshukov,S/Agios Nikolaos 1995/EXT 98 (35)}) 10... Nxd5
11. exd5 Bd7 (11... g6 12. Be3 Nf5 13. bxa6 Bd7 14. Qb3 Nxe3 15. Qxe3 Bg7 16.
Be2 $16 {1-0 Ganguly,S-Miton,K/Goa 2002 (29)}) 12. Be3 Nxb5 13. Nc4 Be7 14. Bd3
O-O 15. O-O f5 16. f4 exf4 17. Bxf4 Kh8 18. Kh1 $14 {0-1 Gallagher,
J-Kovalevskaya,E/Stockholm 2003 (42)}) 10. Nxf6+ Qxf6 11. Nc2 Qg6 12. Ne3 ({
It's not clear what Fedorov prepared in case of} 12. Qd5 Bb7 13. Nxb4 {which
was introduced in the game Anand,V-Shirov,A/Linares 2002/CBM 88 /1-0 (31) 
[Ftacnik]}) 12... Be7 (12... Qxe4 13. Bd3 Qd4 14. Nd5 Rb8 (14... Qa7 15. Be3
Qb7 16. Bb6) 15. O-O (15. Be3 Qxb2 16. O-O Qa3 17. Bb6) 15... Qg4 16. Qa4 Qd7
17. Be3 Be7 18. Nb6 Qc7 19. Nxc8 Rxc8 20. Qxa6 $14 {Bologan}) 13. g3 h5 (13...
O-O 14. Bg2 Bg5 15. O-O {- see the commented game Bologan,V-Tregubov,P/Belfort
2002/CBM 90 [Bologan]}) 14. Bg2 $146 (14. h3 $6 Nd4 15. Bg2 Bb7 16. Qd3 h4 17.
g4 Ne6 18. Nf5 Nc5 19. Qe3 Bf8 20. f4 Qe6 21. fxe5 Qxe5 22. O-O g6 23. Nd4 Bg7
$15 {0-1 Schaefer,M-Degraeve,J/Germany 1998/GER-chT2 (43)}) (14. h4 {is the
recommendation of Bologan in his annotations to the above mentioned game
Bologan-Tregubov.}) 14... h4 15. Nf5 (15. Nd5 Bd8) 15... Be6 16. Be3 (16. Nxd6+
$4 Bxd6 17. Qxd6 Nd4 {and white has no satisfactory defense. A cute
continuation is:} 18. O-O $2 h3 19. Bh1 Ne2#) 16... Rc8 (16... Bxc4 $2 17. Rc1
Bb5 18. Qd5 Rc8 19. Bf1 $18) 17. O-O (17. Nxd6+ $6 Bxd6 18. Qxd6 Qh5 {[%cal
Gh4h3] and black is getting strong play on the white squares.}) 17... Bxf5 (
17... Bxc4 $2 18. Rc1 Bb5 (18... Bxf1 19. Bxf1 $40) 19. a4 bxa3 20. bxa3 $40) (
17... Qh7 18. g4) 18. exf5 Qxf5 19. Qa4 e4 20. Rae1 hxg3 21. fxg3 Qh7 22. h3 $2
{It was better to ignore black's threat.} (22. Qxa6 O-O (22... Qxh2+ $2 23. Kf2
$18 {[%csl Rc8][%cal Rf1h1]}) 23. Rf4 f5 24. Bxe4 fxe4 25. Rxf8+ Rxf8 26. Qxc6
$18) 22... f5 23. g4 g6 24. Qxa6 O-O 25. Qb5 (25. gxf5 gxf5 26. Bxe4 fxe4 27.
Rxf8+ Rxf8 28. Qxc6 Qh4 $44) 25... Bh4 $1 {Strong manoeuvre.} 26. Rd1 Bg3 27.
Qd5+ Kh8 28. c5 dxc5 29. Bxc5 ({More precise was} 29. gxf5 gxf5 30. Bxc5) 29...
Rfe8 30. gxf5 Re5 {Strong intermediate move.} 31. Qb3 (31. Qd6 gxf5 32. Qf6+
Qg7 33. Qxg7+ Kxg7 34. Bd6 Kf6 $44) 31... Rxc5 32. Qxg3 gxf5 33. Qd6 Ne7 34.
Qf6+ Qg7 35. Qh4+ Qh7 (35... Qh7 36. Qxh7+ (36. Qf6+ $11) 36... Kxh7 37. Bxe4
fxe4 38. Rf7+ Kg6 39. Rxe7 Rc2 $11) 1/2-1/2

[Event "Tata Steel-A 77th"]
[Site "Wijk aan Zee"]
[Date "2015.01.10"]
[Round "1"]
[White "Ivanchuk, Vassily"]
[Black "Jobava, Baadur"]
[Result "1-0"]
[WhiteElo "2715"]
[BlackElo "2727"]
[Annotator "Postny,E"]
[PlyCount "85"]
[EventDate "2015.01.10"]
[EventType "tourn"]
[EventRounds "13"]
[EventCountry "NED"]
[EventCategory "20"]
[SourceTitle "CBM 165"]
[Source "ChessBase"]
[SourceDate "2015.03.11"]
[SourceVersion "1"]
[SourceVersionDate "2015.03.11"]
[SourceQuality "1"]

1. e4 c5 2. Nf3 Nc6 3. d4 cxd4 4. Nxd4 e5 5. Nb5 d6 6. c4 (6. N1c3 a6 7. Na3 b5
8. Nd5 Nf6 {may transpose to the Sveshnikov Variation. Black has other options
as well.}) 6... g6 {This is very rare. Normally the bishop is developed to e7.}
7. Be3 ({In the following game White developed his pieces the same way, but
Black developed his knight to e7, which is also possible:} 7. N1c3 a6 8. Na3
Be6 9. Be2 Bg7 10. O-O Nge7 11. Nc2 O-O 12. Be3 f5 13. f3 fxe4 14. Nxe4 Nf5 15.
Bf2 Kh8 16. Qd2 Nfd4 17. Rfd1 Rc8 18. b3 Bg8 19. Rac1 $14 {0-1 (41) Najer,E 
(2646)-Belous,V (2584) Moscow 2014}) 7... Be6 8. N1c3 a6 9. Na3 Nf6 (9... Bh6
10. Bxh6 Nxh6 11. Qd2 Ng4 12. Rd1 ({There is no reason to allow Black's knight
to establish itself on d4, after} 12. Be2 O-O 13. Nc2 {White should be
slightly better.}) 12... Qb6 13. Nd5 Bxd5 14. cxd5 Nd4 15. Nc4 Qd8 16. Bd3 O-O
17. O-O Rc8 $11 {1/2-1/2 (49) Zierk,S (2391)-Belous,V (2498) Porto Carras 2010}
) 10. Be2 Bg7 11. Nc2 Rc8 12. Rc1 O-O 13. O-O {Both sides have completed their
development. White has some space advantage and the opened d-file where he can
target the Pd6. However, Black has his counter-chances.} Ne7 $1 {[%csl Rc4]
This is one of them.} 14. Na3 (14. b3 {is met by} b5 {so, White has to protect
the Pc4 in an awkward way.}) 14... Nc6 15. Re1 {Ivanchuk doesn't wish to
repeat moves, but now Black's knight sneaks to d4.} Nd4 16. f3 (16. Bxd4 $2
exd4 17. Qxd4 Nd5 18. Qd2 Nxc3 19. bxc3 Qa5 $15) 16... Qb6 17. Rb1 Nxe2+ $6 {
At this moment Black wasn't forced at all to exchange his active knight for
White's passive bishop.} (17... Bh6 $5 18. Bf2 (18. Bxh6 $6 Nxf3+ 19. Kh1 Ng4
$1 20. gxf3 (20. Rf1 $4 {[%tqu "En","What should Black do?","","","b6g1","",1]}
Qg1+ $1 21. Rxg1 Nf2#) 20... Nf2+ 21. Kg2 Nxd1 22. Rexd1 Rfe8 {leads to an
irrational position. White has three minor pieces for the queen + pawn, but
his king might be vulnerable.}) 18... Nxe2+ 19. Rxe2 Qb4 {Black gets a better
version of the position that arose in the game. Here Black's light-squared
bishop is already active, so White can't play 20.Rd2, targeting the Pd6.}) (
17... Nh5 {was also an option. The advance f7-f5 might work at the right
moment.}) 18. Rxe2 Qb4 19. Rd2 Rfd8 (19... Bxc4 20. Nxc4 Qxc4 21. Rxd6 $14) 20.
c5 $2 {Looks tempting, but opening up the position plays in Black's hands.} (
20. Qb3 $1 {The queen swap favours White.} Qxb3 21. axb3 b5 $5 (21... Bf8 22.
Nc2 $14 {[%cal Gc2b4,Gb4d5]}) 22. cxb5 axb5 23. Naxb5 Bxb3 24. Nxd6 $14) 20...
Qa5 $1 21. Rxd6 (21. cxd6 $2 Rxc3 {is perhaps what Ivanchuk missed, before
playing 20.c5.}) (21. Nd5 Bxd5 (21... Nxd5 $6 22. exd5 Bf5 23. Nc4 Qb5 24. Nxd6
Rxd6 25. cxd6 Bxb1 26. Qxb1 Bf8 $11) 22. exd5 dxc5 23. Nc4 Qb5 24. Rc1 e4 $15)
21... Bf8 22. Rxd8 Rxd8 23. Qe2 Bxc5 {Black has got rid of his Pd6 weakness by
exchanging it and not losing it. Now the structure is symmetrical, but Black
is far more active.} 24. Nc2 {Bringing the passive knight into play.} Bd4 25.
Qe1 b5 $6 (25... Rd7 $1 {was a fine prophylactic move. It's difficult to find
a good move for White.} 26. Nxd4 (26. a3 Bb3 $17) 26... exd4 27. Nd5 Qxe1+ 28.
Rxe1 Nxd5 (28... Bxd5 29. Bxd4 Nxe4 30. fxe4 Bxa2 $17) 29. exd5 Rxd5 30. Bd2 {
The opposite-coloured bishops give White decent chances to hold.}) 26. Nxd4 $1
exd4 27. Bg5 {This small trick became possible after Black blocked the 5th
rank for his queen.} dxc3 28. Qxc3 (28. Bxf6 $2 Bxa2 $1 (28... c2 $2 29. Bxd8
cxb1=Q 30. Bxa5 $11) 29. Bxd8 (29. Ra1 Qb6+ $19) 29... Qxd8 30. Ra1 cxb2 31.
Rxa2 Qd4+ 32. Kh1 Qc3 $1 33. Qg1 Qc1 34. Rxb2 Qxb2 $19) 28... Qxc3 29. bxc3 {
The knight can't be saved, so White equalises.} Bxa2 30. Bxf6 (30. Ra1 h6 31.
Bxh6 Nxe4 32. fxe4 Bc4 33. Kf2 $11) 30... Rd6 31. Be5 Re6 32. Ra1 Rxe5 33. Rxa2
Re6 $11 34. Kf2 Kf8 35. Ke3 Ke7 36. g4 (36. f4 {looks more logical.}) 36... Kd7
$6 (36... g5 {was called for to block White's structure.}) 37. f4 Rc6 38. Kd4
Kc7 39. f5 Rc4+ 40. Kd5 {White's king has become very active. It seems that
Black is the side that should be careful now, but of course, the position
remains drawish.} Kb6 41. Ra3 (41. e5 gxf5 42. gxf5 Rxc3 43. e6 fxe6+ 44. fxe6
Rd3+ 45. Ke5 Re3+ $11) 41... a5 42. e5 Ra4 $4 {Blackout.} (42... gxf5 43. gxf5
Rf4 {was possible. The game could end in a draw after} 44. f6 Rf3 45. Ke4 Rf1
46. c4 $5 b4 47. Rf3 Re1+ 48. Re3 Rd1 $11) 43. Rxa4 {and Jobava resigned on
the spot.} ({After} 43. Rxa4 bxa4 44. Kc4 {the king stops the a-pawn easily,
while White's passers decide:} gxf5 45. gxf5 Kc6 46. Kd3 a3 47. Kc2 Kd5 48. e6
fxe6 49. f6 Kd6 50. c4 e5 51. c5+ $18 {[%csl Gc5,Gf6]}) 1-0

[Event "Rohde op 06th"]
[Site "Sautron"]
[Date "2006.11.03"]
[Round "8"]
[White "Berthelot, Yannick"]
[Black "Ivanov, Jordan"]
[Result "1-0"]
[WhiteElo "2309"]
[BlackElo "2370"]
[Annotator "RR"]
[PlyCount "73"]
[EventDate "2006.10.28"]
[EventType "swiss"]
[EventRounds "9"]
[EventCountry "FRA"]
[SourceTitle "EXT 2007"]
[Source "ChessBase"]
[SourceDate "2006.11.23"]
[SourceVersion "1"]
[SourceVersionDate "2006.11.23"]
[SourceQuality "1"]

1. e4 {Yannick était remonté а bloc avant la partie.} c5 2. Nf3 e6 3. d4 cxd4
4. Nxd4 Nc6 5. Nb5 {[%csl Gd6]} d6 6. Bf4 {la variante que recommande le MF а
ses élèves} (6. c4 {mène а l'étau de Marocsy} Nf6 7. N1c3 a6 8. Na3 {Peter,S 
(2267)-Primel,D (2127) Nationale II 0405 2005 1/2}) 6... e5 7. Be3 Be7 ({RR} 
7... Nf6 {Plus courant} 8. Bg5 $1 Be6 9. Bxf6 (9. Nd2) 9... gxf6 10. Nd2 d5 11.
exd5 Bxd5 12. Bc4 a6 13. Bxd5 axb5 14. Bb3 ({RR} 14. Ne4 Be7 15. c3) 14... Nd4
15. O-O ({RR} 15. c3 Nxb3 16. Qxb3 Qd3) 15... Nxb3 16. axb3) ({RR} 7... a6) 8.
N1c3 ({RR} 8. Nd2 Nf6 9. Bg5 O-O 10. Bxf6 Bxf6 11. Nc4 Nd4 ({RR} 11... Be6) 12.
Nc3 Be6 13. Bd3 d5 14. exd5 Bxd5 15. Nxd5 Qxd5 16. Ne3 Qc6 17. Qg4 g6 18. Qe4
Bg7 19. Qxc6 Nxc6) 8... Nf6 {[%cal Ga7a6]} 9. Bg5 a6 10. Bxf6 gxf6 11. Na3 f5 (
11... b5) 12. exf5 ({RR} 12. Bc4 Nd4 ({RR} 12... fxe4 13. Qh5 O-O 14. O-O-O Nd4
15. Nxe4 Bf5 16. Bd5 Bg6 17. Qh3 Qa5) 13. Qh5 O-O 14. Bd5 fxe4 15. Nxe4 Bf5 16.
O-O Bg6 17. Qd1 Kh8 18. c3 Ne6) 12... Bxf5 $5 $146 ({RR} 12... Nd4 13. Nc4 ({RR
} 13. Bd3 d5) 13... Bxf5 14. Bd3 ({RR} 14. Ne3 Bg6 ({RR} 14... Be6) 15. Bd3 f5)
14... Be6 15. O-O Rc8 16. Ne3 d5 ({RR} 16... O-O 17. Ncd5 Bg5 18. c3) 17. Qh5
e4 ({RR} 17... Qd6 18. Rad1) 18. Nexd5 ({RR} 18. Be2 Nxe2+ ({RR} 18... Bf6 19.
Bg4) 19. Nxe2 d4 ({RR} 19... O-O 20. Rad1) 20. Nf5 ({RR} 20. Nf4 Rc5 ({RR} 
20... dxe3 21. Nxe6) 21. Nxe6 Rxh5 22. Nxd8 dxe3 23. Nxb7 exf2+ 24. Rxf2 Rb5)
20... Rc5 ({RR} 20... Bxf5 21. Qxf5 Rxc2 22. Qxe4 d3 23. Nf4) ({RR} 20... Bf6
21. Rad1) 21. Ng7+ Kd7 ({RR} 21... Kf8 22. Qh6) 22. Nxe6 Rxh5 ({RR} 22... fxe6
23. Qg4) 23. Nxd8 Rxd8 24. Rad1 Kc7 25. Rxd4 ({RR} 25. Nxd4 Rhd5 26. c3 Bf6)
25... Rxd4 26. Nxd4 Bf6 27. c3 Ra5 28. f3 ({RR} 28. a3 Bxd4 29. cxd4 Ra4 30.
Rd1 Kd6) 28... Bxd4+ 29. cxd4 e3 ({RR} 29... Rxa2 30. fxe4 Rxb2 31. Rxf7+) 30.
a3 ({RR} 30. Re1 Rxa2 31. Rxe3 Rxb2 32. Re7+ Kd6 33. Rxf7 a5) 30... Rb5 31. b4
a5 32. bxa5 Kd6 {Leko,P (2694)-Ivanchuk,V (2714)/Linares 1999/CBM 070/[Ribli]/
1-0 (40)} ({RR} 32... Rxa5 33. Rc1+ Kd6 34. Rc3 Kd5 35. Rxe3 Kxd4 36. Re7)) ({
RR} 18. Qe5 Bf6) 18... exd3 19. Qe5 Rg8 20. Qxd4 Rxc3 21. bxc3 Qxd5 22. Qxd5
Bxd5 23. f3 d2 24. Rfd1 Bc5+ {0-1 Delorme,A (2220)-Bellaiche,A (2427)/France
2003/CBM 095}) 13. Nd5 O-O (13... b5 14. Qf3 {[%cal Gf3f5,Gf3c6]}) 14. Nc4 {
[%cal Gc4e3]} Bg5 15. h4 Nd4 $2 16. Bd3 $1 Bxd3 $8 (16... e4 17. hxg5 exd3 18.
Nf6+ Kg7 19. Rxh7+ Bxh7 20. Qh5 $3 Nxc2+ 21. Kd2 $18) 17. Qxd3 Bh6 18. c3 Nc6
19. Ndb6 (19. Qf5 $1 $40) 19... Rb8 20. Qxd6 Qxd6 21. Nxd6 Rfd8 22. Ndc4 $2 {
Les blancs commencaient а être mal au temps} (22. Ne4 $1 f5 23. Nf6+ Kf7 24.
Nfd7 Rxd7 25. Nxd7 Rg8 26. g3 e4) 22... Rd3 23. Ke2 Rbd8 24. Rad1 e4 25. g4 Bf4
26. Rxd3 Rxd3 27. Rd1 Rh3 28. Nd5 Bb8 29. Nf6+ Kg7 30. Nxe4 Rxh4 31. Ne3 Kg6
32. Rd7 b5 $4 (32... Bf4) 33. Rb7 f5 34. gxf5+ Kh6 35. Nf6 Kg5 36. Nxh7+ Kh6
37. Nf8 {[%mdl 512]} 1-0

[Event "Bundesliga 1112"]
[Site "Germany"]
[Date "2011.11.19"]
[Round "4.8"]
[White "Schaefer, Markus"]
[Black "Schlosser, Philipp"]
[Result "1-0"]
[WhiteElo "2399"]
[BlackElo "2591"]
[Annotator "RR"]
[PlyCount "89"]
[EventDate "2011.10.14"]
[EventType "team-tourn"]
[EventRounds "15"]
[EventCountry "GER"]
[SourceTitle "CBM 146"]
[Source "ChessBase"]
[SourceDate "2012.01.18"]
[SourceVersion "1"]
[SourceVersionDate "2012.01.18"]
[SourceQuality "1"]
[WhiteTeam "Solingen"]
[BlackTeam "Baden-Baden"]
[WhiteTeamCountry "GER"]
[BlackTeamCountry "GER"]

1. e4 c5 2. Nf3 Nc6 3. d4 cxd4 4. Nxd4 Qb6 5. Nb3 Nf6 6. Bd3 d5 7. exd5 Nxd5 8.
O-O g6 9. c4 Ndb4 10. Be4 Bg7 11. Nc3 O-O 12. Be3 Qc7 13. f4 Rd8 14. Qe2 Na5
15. Nxa5 Qxa5 16. a3 Nc6 17. b4 Qh5 18. Qxh5 gxh5 19. Rac1 f5 20. Bb1 Kf7 21.
Rf2 Be6 22. Nd5 Rac8 23. Ba2 h4 24. Rd1 h3 25. Rfd2 hxg2 26. b5 Na5 27. c5 Rd7
28. Kxg2 b6 29. cxb6 axb6 30. Nxb6 Rxd2+ 31. Rxd2 Rc3 32. Bxe6+ Kxe6 33. Re2
Kf7 34. Nd5 Rxa3 $6 (34... Rd3 35. Nc7 e5 $16) 35. Bc5 $18 Rb3 36. Rxe7+ Kg6
37. Bb4 Nc4 $2 (37... Rb2+ 38. Kf3 Rb3+) 38. b6 $18 Nxb6 39. Re6+ Kh5 40. Rxb6
Rb2+ 41. Kf3 Bd4 42. Bc5 $1 Rf2+ 43. Kg3 Bxc5 44. Nf6+ Kg6 45. Rc6 1-0